Introducción a la teoría matemática de la electricidad / (Record no. 167419)

MARC details
000 -LEADER
campo de control de longitud fija 00743nam a22001815i 4500
001 - NÚMERO DE CONTROL
campo de control 167419
003 - IDENTIFICADOR DE NÚMERO DE CONTROL
campo de control ES-MaACL
005 - FECHA Y HORA DE LA ÚLTIMA TRANSACCIÓN
campo de control 20250717070801.0
008 - DATOS DE LONGITUD FIJA--INFORMACIÓN GENERAL
campo de control de longitud fija 960320s1883 sp |||| | spa d
040 ## - FUENTE DE CATALOGACIÓN
Centro catalogador/agencia de origen CLM
Lengua de catalogación spa
Centro/agencia transcriptor CCPB | SIC
100 1# - ENTRADA PRINCIPAL--NOMBRE DE PERSONA
Nombre de persona Vicuña, Gumersindo,
Fechas asociadas al nombre 1840-1890
9 (RLIN) 114406
245 10 - MENCIÓN DEL TÍTULO
Título Introducción a la teoría matemática de la electricidad /
Mención de responsabilidad, etc. por Gumersindo Vicuña.
260 ## - PUBLICACIÓN, DISTRIBUCIÓN, ETC.
Lugar de publicación, distribución, etc. Madrid :
Nombre del editor, distribuidor, etc. [s.n.],
Fecha de publicación, distribución, etc. 1883 (
Fabricante Imprenta y Litografia de la Guirnalda)
300 ## - DESCRIPCIÓN FÍSICA
Extensión 90 p. ;
Dimensiones 29 cm.
650 #7 - PUNTO DE ACCESO ADICIONAL DE MATERIA--TÉRMINO DE MATERIA
Término de materia o nombre geográfico como elemento de entrada Electricidad
Fuente del encabezamiento o término embne
9 (RLIN) 12159
852 ## - LOCALIZACIÓN
Ubicación ES-MaACL
Número de control de estantería T-502-F-7
Nota libre -- Enc. hol., conservando la enc. original
-- -- An. ms.: Ded del autor a la Biblioteca del Ateneo
-- -- Enc. en un vol. facticio
Holdings
Estatus retirado Estado de pérdida Estado de daño No para préstamo Colección Biblioteca de origen Biblioteca actual Ubicación en estantería Fecha de adquisición Total de préstamos Signatura topográfica completa Código de barras Visto por última vez Precio de reemplazo Tipo de ítem Koha
        Colección de folletos Biblioteca del Ateneo de Madrid Biblioteca del Ateneo de Madrid Depósito folletos 17/01/2008   T-502-F-7 1175631 23/02/2023 23/02/2023 Folleto